000 01441cam a22003854a 4500
001 STB031415
005 20150127142219.0
008 091015s2011 mdua b 001 0 eng
010 _a2009043714
016 7 _a101517439
_2DNLM
020 _a9780781779296
020 _a0781779294
020 _a9781451112818
020 _a9781609133986
035 _a(OCoLC)ocn458577846
040 _aDNLM/DLC
_cDLC
_dYDX
_dBTCTA
_dNLM
_dYDXCP
_dBWX
_dDLC
042 _apcc
050 0 0 _aRS 403
_b.T43 2011
245 0 0 _aWilson and Gisvold's textbook of organic medicinal and pharmaceutical chemistry /
_bedited by John M. Beale, Jr., John H. Block.
246 3 0 _aTextbook of organic medicinal and pharmaceutical chemistry.
246 3 0 _aOrganic medicinal and pharmaceutical chemistry.
250 _a12th ed.
260 _aBaltimore, MD :
_bLippincott Williams & Wilkins,
_cc2011.
300 _ax, 1010 pages :
_billustrations ;
_c29 cm.
504 _aIncludes bibliographical references and index.
521 _aPharmacy
650 0 _aPharmaceutical chemistry.
650 0 _aChemistry, Organic.
700 1 _aWilson, Charles Owens,
_d1911-
700 1 _aBeale, John Marlowe.
700 1 _aBlock, John H.
856 4 2 _3Publisher description
_uhttp://www.loc.gov/catdir/enhancements/fy1013/2009043714-d.html
856 4 1 _3Table of contents only
_uhttp://www.loc.gov/catdir/enhancements/fy1013/2009043714-t.html
942 _2lcc
_cBK
999 _c278745
_d278745